Missing Word: Music & Movies (D) Quiz Stats

Quiz Updated Feb 28, 2016

Challenge
Share
Tweet
Embed
Score 0/26 Timer 02:00
4 Plays Today
Title 'D' Words % Correct
____ Stop Believin'Don't
99.6%
Nobody ____ it BetterDoes
96.6%
____ and DumberDumb
96.1%
How ____ is Your LoveDeep
96%
____ Man WalkingDead
95.7%
From ____ till DawnDusk
94.8%
Black Hawk ____Down
94%
Tomorrow Never ____Dies
92.9%
Fun With ____ and JaneDick
92.6%
____, Where's My Car?Dude
91.5%
Dancing in the ____Dark
91.2%
Brother, Can You Spare a ____?Dime
91%
Looking Out My Back ____Door
90.9%
Title 'D' Words % Correct
Reservoir ____Dogs
89.9%
(Sittin' On) The ____ of the BayDock
87.8%
____ M For MurderDial
85.8%
(I Just) ____ in Your ArmsDied
85.7%
Martha My ____Dear
85.2%
The ____ HunterDeer
83.7%
____ of ThunderDays
82.1%
____ It Like It's HotDrop
70.4%
____ in the WindDust
66.7%
Where Eagles ____Dare
61.6%
Sir ____Duke
44.8%
Love Is the ____Drug
41.9%
The ____ CollectorDebt
41.4%

Today's Daily Dose

Missing Word
1971 Movies A-Z

Word Ladder
Complete Tour

Quick Pick
Logo Colors

On This Day
January 19th

You're not logged in!

Compare scores with friends on all Sporcle quizzes.
Sign Up with Email
OR
Log In

You Might Also Like...

Show Comments

Extras

Top Quizzes Today


Score Distribution

Your Account Isn't Verified!

In order to create a playlist on Sporcle, you need to verify the email address you used during registration. Go to your Sporcle Settings to finish the process.